[Event "New York State-ch 135th"]
[Site "Albany"]
[Date "2013.09.01"]
[Round "4"]
[White "Carter, David"]
[Black "Nikolayev, Igor"]
[Result "0-1"]
[WhiteElo "2104"]
[BlackElo "2375"]
[PlyCount "82"]
[EventDate "2013.08.31"]
[EventType "swiss"]
[EventRounds "6"]
[EventCountry "USA"]
[SourceTitle "CBM 156 Extra"]
[Source "ChessBase"]
[SourceDate "2013.10.22"]
[SourceVersion "1"]
[SourceVersionDate "2013.10.22"]
[SourceQuality "1"]

1. d4 Nf6 2. c4 e5 3. dxe5 Ng4 4. Bf4 g5 5. Bg3 Bg7 6. Nf3 Nc6 7. Nc3 Ngxe5 8. Nxe5 Nxe5 9. e3 h5 10. h4 g4 11. c5 0-0 12. Rc1 d6 13. cxd6 cxd6 14. Be2 Be6 15. b3 Rc8 16. 0-0 Qa5 17. Qd2 Rc6 18. Ne4 Qxd2 19. Nxd2 Rfc8 20. Rxc6 Rxc6 21. Bxe5 Bxe5 22. Nc4 Bf6 23. g3 d5 24. Na3 Be7 25. Nb5 Rc2 26. Bd1 Rxa2 27. Nd4 Bd7 28. Bc2 Bf6 29. Bf5 Bxf5 30. Nxf5 Rb2 31. Rd1 Rxb3 32. Rxd5 b5 33. Nd6 b4 34. Rf5 Be7 35. Nxf7 a5 36. Ne5 Rc3 37. Ng6 Bc5 38. Ne5 b3 39. Nd7 b2 40. Nf6+ Kg7 41. Ne8+ Kg6 0-1

[Event "New York State-ch 135th"]
[Site "Albany"]
[Date "2013.08.31"]
[Round "2"]
[White "Nikolayev, Igor"]
[Black "Adamec, Carl"]
[Result "1-0"]
[WhiteElo "2375"]
[BlackElo "2043"]
[PlyCount "95"]
[EventDate "2013.08.31"]
[EventType "swiss"]
[EventRounds "6"]
[EventCountry "USA"]
[SourceTitle "CBM 156 Extra"]
[Source "ChessBase"]
[SourceDate "2013.10.22"]
[SourceVersion "1"]
[SourceVersionDate "2013.10.22"]
[SourceQuality "1"]

1. e4 e5 2. Nf3 Nc6 3. c3 Nf6 4. d4 d6 5. Be2 Bd7 6. Nbd2 Qc8 7. 0-0 Be7 8. dxe5 Nxe5 9. Nxe5 dxe5 10. Nc4 Nxe4 11. Nxe5 Nd6 12. Nxd7 Qxd7 13. Bf3 Rd8 14. Bg4 f5 15. Bh5+ g6 16. Bf3 0-0 17. Bh6 Rfe8 18. Qd4 Bf8 19. Bxf8 Rxf8 20. Qxa7 Qb5 21. b3 c5 22. Bd5+ Kg7 23. a4 Qd3 24. Qxc5 Ne4 25. Qc7+ Kh6 26. c4 Nc3 27. Qf4+ g5 28. Qf3 Qxf3 29. Bxf3 g4 30. Bxb7 Rb8 31. Bd5 Rxb3 32. a5 Nxd5 33. cxd5 Rb5 34. Rfd1 Ra8 35. d6 Kg7 36. d7 Rbb8 37. Rd5 Kf6 38. Rad1 Rd8 39. Kf1 Ra6 40. Rd6+ Rxd6 41. Rxd6+ Ke7 42. Rd3 Rxd7 43. Rxd7+ Kxd7 44. Ke2 f4 45. Kd3 Kc6 46. Ke4 f3 47. g3 Kb5 48. Kf4 1-0

[Event "New York State-ch 132nd"]
[Site "Colonie"]
[Date "2010.09.05"]
[Round "4"]
[White "Getz, Alec S"]
[Black "Nikolayev, Igor"]
[Result "0-1"]
[WhiteElo "2291"]
[BlackElo "2282"]
[PlyCount "72"]
[EventDate "2010.09.03"]
[EventType "swiss"]
[EventRounds "6"]
[EventCountry "USA"]
[SourceTitle "CBM 138 Extra"]
[Source "ChessBase"]
[SourceDate "2010.10.29"]
[SourceVersion "1"]
[SourceVersionDate "2010.10.29"]
[SourceQuality "1"]

1. d4 Nf6 2. c4 e5 3. dxe5 Ng4 4. Nf3 Bc5 5. e3 Nc6 6. Be2 0-0 7. 0-0 Re8 8. Nc3 Ngxe5 9. Nxe5 Nxe5 10. b3 a5 11. Bb2 Ra6 12. Ne4 Ba7 13. Bd4 Bxd4 14. exd4 Ng6 15. Bf3 Nh4 16. Re1 Rae6 17. Re3 f5 18. Nc5 Rxe3 19. fxe3 Qg5 20. Qe2 Rxe3 21. Bd5+ Kf8 22. Qf2 c6 23. Ne4 Qg4 24. Ng3 Qxd4 25. Rc1 Rd3 26. Bf3 Nxf3+ 27. gxf3 d6 28. Qxd4 Rxd4 29. Rc2 f4 30. Ne2 Rd3 31. Kf2 Bf5 32. Rb2 g5 33. h4 h6 34. b4 a4 35. b5 a3 36. Rb4 Rd2 0-1

[Event "New York State-ch 127th"]
[Site "Monticello"]
[Date "2005.09.04"]
[Round "3"]
[White "Nikolayev, Igor"]
[Black "Shapiro, Daniel E"]
[Result "0-1"]
[WhiteElo "2354"]
[BlackElo "2239"]
[PlyCount "95"]
[EventDate "2005.09.03"]
[EventType "swiss"]
[EventRounds "6"]
[EventCountry "USA"]
[SourceTitle "CBM 108 Extra"]
[Source "ChessBase"]
[SourceDate "2005.11.04"]
[SourceVersion "1"]
[SourceVersionDate "2005.11.04"]
[SourceQuality "1"]

1. e4 c5 2. Nf3 e6 3. c3 d5 4. exd5 exd5 5. d4 Bd6 6. Be3 c4 7. b3 cxb3 8. axb3 Ne7 9. g3 0-0 10. Bg2 f6 11. 0-0 Be6 12. Na3 Nbc6 13. Nb5 Bb8 14. Qe2 a6 15. c4 Qd7 16. Nc3 Ba7 17. c5 Rae8 18. Qb2 Bh3 19. b4 Bxg2 20. Kxg2 Nf5 21. Rfe1 g5 22. Qb3 g4 23. Ng1 Rd8 24. Nge2 Bb8 25. b5 axb5 26. Nxb5 Rfe8 27. Nec3 Qf7 28. Qd1 Qh5 29. h4 gxh3+ 30. Kh2 Qxd1 31. Nxd1 Nfxd4 32. Nxd4 Nxd4 33. Rh1 Ne6 34. Kxh3 d4 35. Bd2 Nxc5 36. Bb4 b6 37. Kg2 Nd3 38. Rb1 Rd5 39. Bd2 b5 40. Kf1 Ne5 41. Rh6 Nc4 42. Bb4 Kg7 43. Rh4 Bd6 44. Rg4+ Kf7 45. Rh4 h5 46. Bxd6 Nd2+ 47. Kg2 Nxb1 48. Bf4 0-1

[Event "New York State-ch 126th"]
[Site "New York"]
[Date "2004.09.06"]
[Round "5"]
[White "Nakamura, Hikaru"]
[Black "Nikolayev, Igor"]
[Result "1/2-1/2"]
[WhiteElo "2601"]
[BlackElo "2334"]
[PlyCount "62"]
[EventDate "2004.09.04"]
[EventType "swiss"]
[EventRounds "6"]
[EventCountry "USA"]
[SourceTitle "CBM 102 Extra"]
[Source "ChessBase"]
[SourceDate "2004.11.03"]
[SourceVersion "1"]
[SourceVersionDate "2004.11.03"]
[SourceQuality "1"]

1. d4 Nf6 2. Bg5 d5 3. e3 e6 4. c4 Be7 5. cxd5 exd5 6. Nc3 0-0 7. Bd3 h6 8. Bh4 b6 9. Nge2 Bb7 10. 0-0 Ne4 11. Bxe7 Qxe7 12. Nf4 Nxc3 13. bxc3 Nd7 14. Qb3 Nf6 15. c4 Rfd8 16. c5 Rab8 17. Rfc1 bxc5 18. Rxc5 g5 19. Ne2 Ba6 20. Qc2 Bxd3 21. Qxd3 Ne4 22. Rc2 Nd6 23. Rc5 Ne4 24. Rc2 Nd6 25. Qa6 Rb6 26. Qxa7 Nc4 27. Nc3 Qd6 28. Rac1 Rdb8 29. h3 c6 30. Na4 R8b7 31. Qa8+ Rb8 1/2-1/2

[Event "New York State-ch 126th"]
[Site "New York"]
[Date "2004.09.04"]
[Round "1"]
[White "Weeramantry, Sunil"]
[Black "Nikolayev, Igor"]
[Result "0-1"]
[WhiteElo "2136"]
[BlackElo "2334"]
[PlyCount "77"]
[EventDate "2004.09.04"]
[EventType "swiss"]
[EventRounds "6"]
[EventCountry "USA"]
[SourceTitle "CBM 102 Extra"]
[Source "ChessBase"]
[SourceDate "2004.11.03"]
[SourceVersion "1"]
[SourceVersionDate "2004.11.03"]
[SourceQuality "1"]

1. e4 e5 2. Nf3 Nc6 3. d4 exd4 4. Bc4 Nf6 5. e5 Ng4 6. Qe2 Qe7 7. Bf4 d6 8. exd6 Qxe2+ 9. Kxe2 Bxd6 10. Bxd6 cxd6 11. h3 Nge5 12. Na3 0-0 13. Rhd1 Re8 14. Bd5 Nb4 15. Rxd4 Nec6+ 16. Re4 Bxh3 17. gxh3 Nxd5 18. Rxe8+ Rxe8+ 19. Kf1 Nf4 20. Rd1 d5 21. Nb5 h6 22. h4 f6 23. Nc3 Rd8 24. Ne2 Nxe2 25. Kxe2 Kf7 26. h5 d4 27. a3 Rd5 28. Rh1 Rb5 29. b3 Rc5 30. Kd2 Ra5 31. a4 Rf5 32. Ke2 Rf4 33. Rg1 Ne5 34. Nxe5+ fxe5 35. Rh1 Rg4 36. f3 Rg2+ 37. Kd3 Kf6 38. Rh3 Kf5 39. c4 0-1

[Event "New York-ch 125th"]
[Site "Kerhonkson"]
[Date "2003.08.30"]
[Round "1"]
[White "Nikolayev, Igor"]
[Black "Stenzel, Harold G"]
[Result "1-0"]
[WhiteElo "2334"]
[BlackElo "2116"]
[PlyCount "59"]
[EventDate "2003.08.30"]
[EventType "swiss"]
[EventRounds "6"]
[EventCountry "USA"]
[SourceTitle "EXT 2004"]
[Source "ChessBase"]
[SourceDate "2003.11.25"]
[SourceVersion "1"]
[SourceVersionDate "2003.11.25"]
[SourceQuality "1"]

1. e4 e6 2. d4 d5 3. exd5 exd5 4. Nf3 Nf6 5. Bd3 Bd6 6. 0-0 0-0 7. Bg5 h6 8. Bh4 Be6 9. Ne5 c5 10. c3 cxd4 11. cxd4 Nc6 12. Nxc6 bxc6 13. Nc3 Rb8 14. Na4 Re8 15. Rc1 Bd7 16. b3 Be7 17. Bg3 Rc8 18. Ba6 Ra8 19. Bb7 Ba3 20. Rc2 Ne4 21. Bxa8 Qxa8 22. Bf4 Bf5 23. f3 Nf6 24. Re2 Rd8 25. Nc5 Kf8 26. Qd2 a5 27. Bxh6 Bxc5 28. dxc5 Qa7 29. Rc1 d4 30. Qg5 1-0

[Event "New York State-ch 124th"]
[Site "Kerhonkson"]
[Date "2002.08.31"]
[Round "1"]
[White "Nikolayev, Igor"]
[Black "Belcher, Noah"]
[Result "1-0"]
[WhiteElo "2321"]
[BlackElo "2140"]
[PlyCount "65"]
[EventDate "2002.08.31"]
[EventType "swiss"]
[EventRounds "6"]
[EventCountry "USA"]
[SourceTitle "CBM 090 Extra"]
[Source "ChessBase"]
[SourceDate "2002.11.07"]
[SourceVersion "1"]
[SourceVersionDate "2002.11.07"]
[SourceQuality "1"]

1. e4 c5 2. Nf3 e6 3. c3 Nc6 4. d4 cxd4 5. cxd4 d5 6. exd5 exd5 7. Bb5 Bb4+ 8. Nc3 Nf6 9. 0-0 0-0 10. Bg5 Bxc3 11. bxc3 Bg4 12. Qd3 Qd6 13. Bxc6 bxc6 14. Ne5 Bc8 15. Rfe1 Ne4 16. Bf4 Qf6 17. Qe3 Re8 18. f3 Nd6 19. Bg5 Qf5 20. g4 Qc2 21. Qd2 Qxd2 22. Bxd2 Bb7 23. Rab1 Rac8 24. Bf4 Ba6 25. Nd7 Nb7 26. Rxe8+ Rxe8 27. Nb8 Rxb8 28. Bxb8 g6 29. Bxa7 Na5 30. Bc5 Nc4 31. Rb8+ Kg7 32. g5 h5 33. Be7 1-0

[Event "New York State-ch 122nd"]
[Site "Saratoga Springs"]
[Date "2000.09.04"]
[Round "5"]
[White "Nikolayev, Igor"]
[Black "Sarkar, Justin"]
[Result "0-1"]
[WhiteElo "2356"]
[BlackElo "2357"]
[PlyCount "108"]
[EventDate "2000.09.01"]
[EventType "swiss"]
[EventRounds "6"]
[EventCountry "USA"]
[SourceTitle "EXT 2001"]
[Source "ChessBase"]
[SourceDate "2000.11.22"]
[SourceVersion "1"]
[SourceVersionDate "2000.11.22"]
[SourceQuality "1"]

1. e4 e6 2. d4 d5 3. exd5 exd5 4. Nf3 Bg4 5. h3 Bh5 6. g4 Bg6 7. Ne5 c6 8. h4 Bb4+ 9. Nc3 f6 10. Nxg6 hxg6 11. Bd3 Ne7 12. Qe2 g5 13. h5 Qd6 14. Bd2 Nd7 15. 0-0-0 0-0-0 16. Rhf1 Rde8 17. Rde1 Kd8 18. Qd1 Nc8 19. Rxe8+ Rxe8 20. f4 gxf4 21. Bxf4 Qf8 22. Bg6 Re7 23. g5 Qg8 24. Qd3 Nf8 25. gxf6 gxf6 26. Qf5 Re6 27. Rg1 Ne7 28. Qg4 Nfxg6 29. hxg6 f5 30. Qd1 Rxg6 31. Rh1 Rg2 32. Qe1 Ng6 33. Bb8 Qe8 34. Bc7+ Kd7 35. Rh7+ Ne7 36. Bf4 Qg6 37. Rh1 Bd6 38. Bxd6 Qxd6 39. Rh7 Qe6 40. Qxe6+ Kxe6 41. Kd1 f4 42. Ne2 f3 43. Nf4+ Kf6 44. Rh1 Rg4 45. Nd3 Nf5 46. Rh3 Rg1+ 47. Kd2 Rg2+ 48. Kc3 Ng3 49. Kb3 Kg5 50. Rh7 Nf5 51. Rxb7 Nxd4+ 52. Kc3 c5 53. Nxc5 f2 54. Rg7+ Kf6 0-1

[Event "New York State-ch 121st"]
[Site "New York"]
[Date "1999.09.06"]
[Round "6"]
[White "Castaneda, Nelson"]
[Black "Nikolayev, Igor"]
[Result "0-1"]
[WhiteElo "2359"]
[BlackElo "2342"]
[PlyCount "67"]
[EventDate "1999.09.04"]
[EventType "swiss"]
[EventRounds "6"]
[EventCountry "USA"]
[SourceTitle "EXT 2000"]
[Source "ChessBase"]
[SourceDate "1999.11.16"]
[SourceVersion "1"]
[SourceVersionDate "1999.11.16"]
[SourceQuality "1"]

1. e4 e5 2. Nf3 Nc6 3. Bb5 Nf6 4. 0-0 Bc5 5. c3 0-0 6. d3 d6 7. h3 a6 8. Ba4 Ba7 9. Bxc6 bxc6 10. Na3 Re8 11. Nc4 Be6 12. Qa4 Nd7 13. Bg5 f6 14. Be3 Nc5 15. Bxc5 Bxc5 16. b4 Ba7 17. Qxc6 f5 18. Rad1 Kh8 19. Ne3 Bd7 20. Qb7 Ba4 21. Rd2 Qd7 22. Qd5 Bc6 23. Qb3 fxe4 24. Ng5 Rf8 25. Nxe4 Rf4 26. Nd5 Rh4 27. Kh2 Qf7 28. Ne3 Qg6 29. g3 Rh6 30. h4 Rf8 31. Re2 Qh5 32. Ree1 g5 33. Ng2 gxh4 34. Nxh4 0-1

[Event "New York State-ch 121st"]
[Site "New York"]
[Date "1999.09.05"]
[Round "3"]
[White "Nikolayev, Igor"]
[Black "Felber, Joseph J"]
[Result "1-0"]
[WhiteElo "2342"]
[BlackElo "2094"]
[PlyCount "69"]
[EventDate "1999.09.04"]
[EventType "swiss"]
[EventRounds "6"]
[EventCountry "USA"]
[SourceTitle "EXT 2000"]
[Source "ChessBase"]
[SourceDate "1999.11.16"]
[SourceVersion "1"]
[SourceVersionDate "1999.11.16"]
[SourceQuality "1"]

1. e4 c6 2. d4 d5 3. f3 g6 4. Nc3 Bg7 5. Be3 dxe4 6. fxe4 Nf6 7. Nf3 0-0 8. Be2 Bg4 9. 0-0 Nbd7 10. Qe1 Bxf3 11. Bxf3 e5 12. Rd1 Qe7 13. d5 cxd5 14. Nxd5 Nxd5 15. Rxd5 b6 16. Qd2 Nf6 17. Rd6 Rad8 18. Rd1 Rxd6 19. Qxd6 Qb7 20. c3 Re8 21. Bg5 Re6 22. Qd8+ Re8 23. Qd6 Re6 24. Qb4 Qc7 25. Qb5 Rd6 26. Rf1 h6 27. Be3 Rd8 28. Qb4 Bf8 29. Qb5 Nd7 30. Be2 Bc5 31. Bxc5 Qxc5+ 32. Qxc5 Nxc5 33. Bc4 Rd7 34. Bd5 Na4 35. Bc6 1-0